000 00417pab a2200169 454500
008 180718b2013 xxu||||| |||| 00| 0 eng d
100 _aMyers, Nathan
245 _aEvolution of collaboration among federal, state, and local agencies
260 _c2013
300 _ap.25-27.
362 _aSpring
650 _aHealth services
650 _aCollaborations
773 _aManager
908 _aN
909 _a99519
999 _c99518
_d99518